书目信息 |
| 题名: |
咬合式排桩技术标准
|
|
| 作者: | 中华人民共和国住房和城乡建设部 | |
| 分册: | ||
| 出版信息: | 北京 中国建筑工业出版社 2018.10 |
|
| 页数: | 48页 | |
| 开本: | 20cm | |
| 丛书名: | ||
| 单 册: | ||
| 中图分类: | TU473-65 | |
| 科图分类: | ||
| 主题词: | 地基--基础(工程) | |
| 电子资源: | ||
| ISBN: | ||
| 000 | 00705nam0 2200193 45 | |
| 001 | 1960610868 | |
| 005 | 20190321154803.55 | |
| 010 | @dRMB 12.00 | |
| 100 | @a20190315d2018 km y0chiy0120 ea | |
| 101 | 0 | @achi |
| 102 | @aCN@b110000 | |
| 200 | 1 | @a咬合式排桩技术标准@Ayao he shi pai zhuang ji shu biao zhun@f中华人民共和国住房和城乡建设部@Fzhong hua ren min gong he guo zhu fang he cheng xiang jian she bu |
| 210 | @a北京@c中国建筑工业出版社@d2018.10 | |
| 215 | @a48页@d20cm | |
| 606 | 0 | @a地基@x基础(工程) |
| 690 | @aTU473-65@v4 | |
| 701 | 0 | @a中华人民共和国住房和城乡建设部@Azhong hua ren min gong he guo zhu fang he cheng xiang jian she bu |
| 801 | 0 | @aCN@bPFT@c20190321 |
| 905 | @a10447@dTU473-65@eZ911 | |
| 咬合式排桩技术标准/中华人民共和国住房和城乡建设部.-北京:中国建筑工业出版社,2018.10 |
| 48页;20cm |
| ISBN :RMB 12.00 |
| ● |
| 相关链接 |
|
|
|
正题名:咬合式排桩技术标准
索取号:TU473-65/Z911
 
预约/预借
| 序号 | 登录号 | 条形码 | 馆藏地/架位号 | 状态 | 备注 |
| 1 | 1302011 | 213020112 | 建筑库101/101建筑库 98排2列3层/ [索取号:TU473-65/Z911] | 在馆 |